| 000 | 00519nam a2200181Ia 4500 | ||
|---|---|---|---|
| 008 | 240925s9999 xx 000 0 und d | ||
| 020 | _a9788131709306 | ||
| 082 | _a004.6 TOM | ||
| 100 | _aTomasi , Wayne | ||
| 245 | 0 | _aIntroduction to Data Communications and Networking | |
| 250 | _aNA | ||
| 260 |
_aNew Delhi: _bPearson Printice Hall _c,2005. |
||
| 300 |
_a75p. _bNA _fOriginal |
||
| 500 | _aIncludes Index | ||
| 600 | _aComputer Science | ||
| 650 | _aComputer science, information & general works | ||
| 942 | _cBK | ||
| 999 |
_c12353 _d12353 |
||